<?xml version="1.0" encoding="UTF-8"?>
<record
    xmlns:xsi="http://www.w3.org/2001/XMLSchema-instance"
    xsi:schemaLocation="http://www.loc.gov/MARC21/slim http://www.loc.gov/standards/marcxml/schema/MARC21slim.xsd"
    xmlns="http://www.loc.gov/MARC21/slim">

  <leader>00625nam a22001577a 4500</leader>
  <controlfield tag="003">OSt</controlfield>
  <controlfield tag="005">20151210115806.0</controlfield>
  <controlfield tag="008">151210b        xxu||||| |||| 00| 0 eng d</controlfield>
  <datafield tag="040" ind1=" " ind2=" ">
    <subfield code="c">RUA</subfield>
  </datafield>
  <datafield tag="082" ind1=" " ind2=" ">
    <subfield code="a">ATM NIN 2004 B204 Or.1</subfield>
  </datafield>
  <datafield tag="100" ind1=" " ind2=" ">
    <subfield code="9">4656</subfield>
    <subfield code="a">NIN, CHANSAMEAN.</subfield>
  </datafield>
  <datafield tag="245" ind1=" " ind2=" ">
    <subfield code="a">shifting agriculture pratices in thalaborivath district, stung treng province (&#x1780;&#x17B6;&#x179A;&#x17A2;&#x1793;&#x17BB;&#x179C;&#x178F;&#x17D2;&#x178F;&#x1793;&#x17CF;&#x1780;&#x179F;&#x17B7;&#x1780;&#x1798;&#x17D2;&#x1798;&#x1796;&#x1793;&#x17C1;&#x1785;&#x179A; &#x1793;&#x17C5;&#x179F;&#x17D2;&#x179A;&#x17BB;&#x1780;&#x1790;&#x17B6;&#x17A1;&#x17B6;&#x1794;&#x179A;&#x17B7;&#x179C;&#x17C9;&#x17B6;&#x178F;&#x17CB; &#x1781;&#x17C1;&#x178F;&#x17D2;&#x178F;&#x179F;&#x17D2;&#x1791;&#x17B9;&#x1784;&#x178F;&#x17D2;&#x179A;&#x17C2;&#x1784;)</subfield>
  </datafield>
  <datafield tag="260" ind1=" " ind2=" ">
    <subfield code="a">Phnom Penh</subfield>
    <subfield code="b">RUA</subfield>
    <subfield code="c">2004</subfield>
  </datafield>
  <datafield tag="300" ind1=" " ind2=" ">
    <subfield code="a">viii, 51p.</subfield>
    <subfield code="b">ill.</subfield>
    <subfield code="c">29cm.</subfield>
  </datafield>
  <datafield tag="942" ind1=" " ind2=" ">
    <subfield code="2">ddc</subfield>
    <subfield code="c">ATM</subfield>
  </datafield>
  <datafield tag="999" ind1=" " ind2=" ">
    <subfield code="c">4339</subfield>
    <subfield code="d">4339</subfield>
  </datafield>
  <datafield tag="952" ind1=" " ind2=" ">
    <subfield code="0">0</subfield>
    <subfield code="1">0</subfield>
    <subfield code="2">ddc</subfield>
    <subfield code="4">0</subfield>
    <subfield code="6">ATM_NIN_2004_000000000000000_B204_OR_1</subfield>
    <subfield code="7">0</subfield>
    <subfield code="9">22112</subfield>
    <subfield code="a">LBB</subfield>
    <subfield code="b">LBB</subfield>
    <subfield code="c">B204</subfield>
    <subfield code="d">2015-12-10</subfield>
    <subfield code="o">ATM NIN 2004 B204 Or.1</subfield>
    <subfield code="p">RUA017155</subfield>
    <subfield code="r">2015-12-10</subfield>
    <subfield code="w">2015-12-10</subfield>
    <subfield code="y">ATM</subfield>
  </datafield>
  <datafield tag="952" ind1=" " ind2=" ">
    <subfield code="0">0</subfield>
    <subfield code="1">0</subfield>
    <subfield code="2">ddc</subfield>
    <subfield code="4">0</subfield>
    <subfield code="6">ATM_NIN_2004_000000000000000_B204_OR_2</subfield>
    <subfield code="7">0</subfield>
    <subfield code="9">22113</subfield>
    <subfield code="a">LBB</subfield>
    <subfield code="b">LBB</subfield>
    <subfield code="c">B204</subfield>
    <subfield code="d">2015-12-10</subfield>
    <subfield code="o">ATM NIN 2004 B204 Or.2</subfield>
    <subfield code="p">RUA016638</subfield>
    <subfield code="r">2015-12-10</subfield>
    <subfield code="w">2015-12-10</subfield>
    <subfield code="y">ATM</subfield>
  </datafield>
  <datafield tag="952" ind1=" " ind2=" ">
    <subfield code="0">0</subfield>
    <subfield code="1">0</subfield>
    <subfield code="2">ddc</subfield>
    <subfield code="4">0</subfield>
    <subfield code="6">ATM_NIN_2004_000000000000000_B204_OR_3</subfield>
    <subfield code="7">0</subfield>
    <subfield code="9">22114</subfield>
    <subfield code="a">LBB</subfield>
    <subfield code="b">LBB</subfield>
    <subfield code="c">B204</subfield>
    <subfield code="d">2015-12-10</subfield>
    <subfield code="o">ATM NIN 2004 B204 Or.3</subfield>
    <subfield code="p">RUA016636</subfield>
    <subfield code="r">2015-12-10</subfield>
    <subfield code="w">2015-12-10</subfield>
    <subfield code="y">ATM</subfield>
  </datafield>
  <datafield tag="952" ind1=" " ind2=" ">
    <subfield code="0">0</subfield>
    <subfield code="1">0</subfield>
    <subfield code="2">ddc</subfield>
    <subfield code="4">0</subfield>
    <subfield code="6">ATM_NIN_2004_000000000000000_B204_OR_4</subfield>
    <subfield code="7">0</subfield>
    <subfield code="9">22115</subfield>
    <subfield code="a">LBB</subfield>
    <subfield code="b">LBB</subfield>
    <subfield code="c">B204</subfield>
    <subfield code="d">2015-12-10</subfield>
    <subfield code="o">ATM NIN 2004 B204 Or.4</subfield>
    <subfield code="p">RUA016860</subfield>
    <subfield code="r">2015-12-10</subfield>
    <subfield code="w">2015-12-10</subfield>
    <subfield code="y">ATM</subfield>
  </datafield>
  <datafield tag="952" ind1=" " ind2=" ">
    <subfield code="0">0</subfield>
    <subfield code="1">0</subfield>
    <subfield code="2">ddc</subfield>
    <subfield code="4">0</subfield>
    <subfield code="6">ATM_NIN_2004_000000000000000_B204_OR_5</subfield>
    <subfield code="7">0</subfield>
    <subfield code="9">22116</subfield>
    <subfield code="a">LBB</subfield>
    <subfield code="b">LBB</subfield>
    <subfield code="c">B204</subfield>
    <subfield code="d">2015-12-10</subfield>
    <subfield code="o">ATM NIN 2004 B204 Or.5</subfield>
    <subfield code="p">RUA016932</subfield>
    <subfield code="r">2015-12-10</subfield>
    <subfield code="w">2015-12-10</subfield>
    <subfield code="y">ATM</subfield>
  </datafield>
  <datafield tag="952" ind1=" " ind2=" ">
    <subfield code="0">0</subfield>
    <subfield code="1">0</subfield>
    <subfield code="2">ddc</subfield>
    <subfield code="4">0</subfield>
    <subfield code="6">ATM_NIN_2004_000000000000000_B204_OR_6</subfield>
    <subfield code="7">0</subfield>
    <subfield code="9">22117</subfield>
    <subfield code="a">LBB</subfield>
    <subfield code="b">LBB</subfield>
    <subfield code="c">B204</subfield>
    <subfield code="d">2015-12-10</subfield>
    <subfield code="o">ATM NIN 2004 B204 Or.6</subfield>
    <subfield code="p">RUA016859</subfield>
    <subfield code="r">2015-12-10</subfield>
    <subfield code="w">2015-12-10</subfield>
    <subfield code="y">ATM</subfield>
  </datafield>
  <datafield tag="952" ind1=" " ind2=" ">
    <subfield code="0">0</subfield>
    <subfield code="1">0</subfield>
    <subfield code="2">ddc</subfield>
    <subfield code="4">0</subfield>
    <subfield code="6">ATM_NIN_2004_000000000000000_B204_OR_7</subfield>
    <subfield code="7">0</subfield>
    <subfield code="9">22118</subfield>
    <subfield code="a">LBB</subfield>
    <subfield code="b">LBB</subfield>
    <subfield code="c">B204</subfield>
    <subfield code="d">2015-12-10</subfield>
    <subfield code="o">ATM NIN 2004 B204 Or.7</subfield>
    <subfield code="p">RUA017656</subfield>
    <subfield code="r">2015-12-10</subfield>
    <subfield code="w">2015-12-10</subfield>
    <subfield code="y">ATM</subfield>
  </datafield>
  <datafield tag="952" ind1=" " ind2=" ">
    <subfield code="0">0</subfield>
    <subfield code="1">0</subfield>
    <subfield code="2">ddc</subfield>
    <subfield code="4">0</subfield>
    <subfield code="6">ATM_NIN_2004_000000000000000_B204_OR_8</subfield>
    <subfield code="7">0</subfield>
    <subfield code="9">22119</subfield>
    <subfield code="a">LBB</subfield>
    <subfield code="b">LBB</subfield>
    <subfield code="c">B204</subfield>
    <subfield code="d">2015-12-10</subfield>
    <subfield code="o">ATM NIN 2004 B204 Or.8</subfield>
    <subfield code="p">RUA033999</subfield>
    <subfield code="r">2015-12-10</subfield>
    <subfield code="w">2015-12-10</subfield>
    <subfield code="y">ATM</subfield>
  </datafield>
  <datafield tag="952" ind1=" " ind2=" ">
    <subfield code="0">0</subfield>
    <subfield code="1">0</subfield>
    <subfield code="2">ddc</subfield>
    <subfield code="4">0</subfield>
    <subfield code="6">ATM_NIN_2004_000000000000000_B204_OR_9</subfield>
    <subfield code="7">0</subfield>
    <subfield code="9">22120</subfield>
    <subfield code="a">LBB</subfield>
    <subfield code="b">LBB</subfield>
    <subfield code="c">B204</subfield>
    <subfield code="d">2015-12-10</subfield>
    <subfield code="o">ATM NIN 2004 B204 Or.9</subfield>
    <subfield code="p">RUA034661</subfield>
    <subfield code="r">2015-12-10</subfield>
    <subfield code="w">2015-12-10</subfield>
    <subfield code="y">ATM</subfield>
  </datafield>
  <datafield tag="952" ind1=" " ind2=" ">
    <subfield code="0">0</subfield>
    <subfield code="1">0</subfield>
    <subfield code="2">ddc</subfield>
    <subfield code="4">0</subfield>
    <subfield code="6">ATM_NIN_2004_000000000000000_B204_OR_10</subfield>
    <subfield code="7">0</subfield>
    <subfield code="9">22121</subfield>
    <subfield code="a">LBB</subfield>
    <subfield code="b">LBB</subfield>
    <subfield code="c">B204</subfield>
    <subfield code="d">2015-12-10</subfield>
    <subfield code="l">1</subfield>
    <subfield code="o">ATM NIN 2004 B204 Or.10</subfield>
    <subfield code="p">RUA033872</subfield>
    <subfield code="r">2016-12-13</subfield>
    <subfield code="s">2016-12-09</subfield>
    <subfield code="w">2015-12-10</subfield>
    <subfield code="y">ATM</subfield>
  </datafield>
</record>
